Rahsia membaiki periuk nasi (Record no. 104530)

MARC details
000 -LEADER
fixed length control field 00781nam a2200265 i 4500
001 - CONTROL NUMBER
control field C2-0300659
003 - CONTROL NUMBER IDENTIFIER
control field PPAK
005 - DATE AND TIME OF LATEST TRANSACTION
control field 20180728082140.0
008 - FIXED-LENGTH DATA ELEMENTS--GENERAL INFORMATION
fixed length control field 091111s2009 my a|||| ||||| | may d
020 ## - INTERNATIONAL STANDARD BOOK NUMBER
International Standard Book Number 9789833422227
040 ## - CATALOGING SOURCE
Original cataloging agency PPAK
Language of cataloging eng
Transcribing agency PPAK
Description conventions rda
082 04 - DEWEY DECIMAL CLASSIFICATION NUMBER
Classification number 621.38887
Edition number 23
090 00 - LOCALLY ASSIGNED LC-TYPE CALL NUMBER (OCLC); LOCAL CALL NUMBER (RLIN)
Classification number (OCLC) (R) ; Classification number, CALL (RLIN) (NR) 621.38887
Feature heading MOH
Feature heading G
100 0# - MAIN ENTRY--PERSONAL NAME
Personal name Mohd Khairurazi Sahar,
Relator term author
245 10 - TITLE STATEMENT
Title Rahsia membaiki periuk nasi
264 #1 - PRODUCTION, PUBLICATION, DISTRIBUTION, MANUFACTURE, AND COPYRIGHT NOTICE
Place of production, publication, distribution, manufacture Kuala Lumpur :
Name of producer, publisher, distributor, manufacturer Edaran Proaktif ,
Date of production, publication, distribution, manufacture, or copyright notice 2009
300 ## - PHYSICAL DESCRIPTION
Extent vi, 110 pages :
Other physical details illustrations ;
Dimensions 21 cm
336 ## - CONTENT TYPE
Source rdacontent
Content type term text
337 ## - MEDIA TYPE
Source rdamedia
Media type term unmediated
338 ## - CARRIER TYPE
Source rdacarrier
Carrier type term volume
490 1# - SERIES STATEMENT
Series statement Siri membaiki barangan elektrik
650 10 - SUBJECT ADDED ENTRY--TOPICAL TERM
Topical term or geographic name entry element Maintenance and repair.
830 #0 - SERIES ADDED ENTRY--UNIFORM TITLE
Uniform title Siri membaiki barangan elektrik
942 ## - ADDED ENTRY ELEMENTS (KOHA)
-- dc
Koha item type Book
Holdings
Withdrawn Not for loan Current library Shelving location Date acquired Full call number Barcode Date last seen Koha item type Total Checkouts
    PD31, Kg. Gelam, Bedong Pinjaman Dewasa 30/11/2009 621.38887 MOH A01335274 09/05/2018 Book  
    PD33, Kg. Belau, Merbok Pinjaman Dewasa 30/11/2009 621.38887 MOH A01335276 09/05/2018 Book  
    PD34, Kg. Pantai Prai Pinjaman Dewasa 02/06/2010 621.38887 MOH A01339331 09/05/2018 Book  
    T-PD32, Kg. Thye Eng, Bedong Pinjaman Dewasa 30/11/2009 621.38887 MOH A01335275 09/05/2018 Book